000 00422nam a22001577a 4500
005 20230706105607.0
008 230706b ||||| |||| 00| 0 eng d
040 _cAACR2
082 _a796.35 HON
100 _aHongala, Rajesh
_914539
245 _aSadhaneya modala hattu mettilugalu
260 _aBelagavi
_bPrasaranga
_c2021
300 _a60
650 _aJanapriya tantrika sikshana male
_914527
942 _2ddc
_cBK
999 _c194491
_d194491